Statistics for C Challenge - Random Questions

Click here to take the quiz!

General Stats

  • This quiz has been taken 37 times
  • The average score is 11 of 15

Answer Stats

HintAnswer% Correct
The Great Wall of ____.China
97%
You can drive in this product.Car
97%
This has legs, a seat, a back and sometimes arms.Chair
94%
You might find this clogging the top of your wine bottle.Cork
94%
Making sound by putting your hands together then pulling apart really fast.Clap
91%
Borders Italy and SerbiaCroatia
84%
The elderly may use this to help stand.Cane
84%
3-Dimensional Figure that has sides of the same length.Cube
78%
In a Lays bag, you would find ____.Chips
78%
The United States started as the 13 ______.Colonies
72%
You wear this over your body partsClothing
69%
Money, Moola, Bucks, or ____.Cash
66%
3-Dimensional Figure that resembles a tin can.Cylinder
63%
2-Dimensional Figure with no sides.Circle
53%
Usually it's a line which you can bend on.Crack
0%

Score Distribution

Percentile by Number Answered

Percent of People with Each Score

Your Score History

You have not taken this quiz